000
00294nam a22001217a 4500
020
_a
IS:7565
041
_a
ENG
245
_a
Tines For Tractor Operated Cultvators Part 2 S- Type Tines
260
_a
New Delhi
_b
BIS
_c
1988
300
_a
04
650
_a
BIS Tist Code
856
_u
BIS Tist Code
999
_c
2144
_d
2144